000 00359 a2200145 4500
001 169661
020 _a
040 _cMagnum
100 _aDesiderio, Fiorangela
240 1 0 _aConvivio: analise de aspectos relacionais humanos
_lpor
245 1 0 _aConvivio: analise de aspectos relacionais humanos
362 0 _a1899
697 _aPSICOLOGIA
942 _cBK
999 _c169661
_d169661